Normal view
MARC view
- النداوي، آدم وهيب
Entry Personal Name
001 - CONTROL NUMBER
- control field: 47128
003 - CONTROL NUMBER IDENTIFIER
- control field: JO-AjAnu
005 - DATE AND TIME OF LATEST TRANSACTION
- control field: 20230606081801.0
008 - FIXED-LENGTH DATA ELEMENTS
- fixed length control field: 230606|| aca||aabn | a|a d
040 ## - CATALOGING SOURCE
- Original cataloging agency: JO-AjAnu
- Transcribing agency: JO-AjAnu
100 ## - HEADING--PERSONAL NAME
- Personal name: النداوي، آدم وهيب
670 ## - SOURCE DATA FOUND
- Source citation: Work cat.: (JO-AjAnu)24119: النداوي، آدم وهيب, author, شرح قانون البينات والاجراء : دراسة مقارنة بين الفقة الاسلامي والتشريع والفقة والقضاء العربي والغربي